000
00315nam a22001457a 4500
008
230316b ||||| |||| 00| 0 eng d
020
_a
9780324663525
041
_a
eng
080
_2
5EDITION
_a
3
082
_a
34SAM
100
_a
31
101
_a
JURED
245
_a
BUSINESS LAW
_c
SAMUELSON B
942
_2
udc
_c
BK
999
_c
59367
_d
59367